| 000 | 00942cad a22002055a 4500 | ||
|---|---|---|---|
| 001 | E152753 | ||
| 008 | 110419s2010 xxk f 000 0 eng d | ||
| 035 | _a(Sirsi) u152753 | ||
| 041 | 0 | _aeng | |
| 110 | 2 |
_aMcGrigors _95941 |
|
| 245 | 0 | 0 |
_aProperty litigation mini guide _benforcing payment under a lease _h[electronic resource] |
| 260 |
_a[Scotland] _bMcGrigors _c2010 |
||
| 490 | 0 |
_aMcGrigors Property Litigation Mini Guide _v(3) March 2010 |
|
| 520 | _aLooks at issues that can arise in relation to payments under a lease, and suggests possible solutions. Topics covered include arrestment, inhibition, insolvency, attachment, and money attachment | ||
| 590 | _aKA | ||
| 651 | 4 |
_aScotland _y1999- |
|
| 690 | _aPROPERTY-LANDLORD AND TENANT-TENANCIES | ||
| 856 | 4 | 0 |
_uhttps://www.mcgrigors.com/pdfdocs/MiniGuide_PropertyLitigation3_Enforcing_Payment_under_a_Lease.PDF _zView the mini guide free of charge at www.mcgrigors.com |
| 942 | _n0 | ||
| 999 |
_c112201 _d112201 |
||